|
|
|
|
| LEADER |
00000cam a2200000 a 4500 |
| 001 |
vtls008349584 |
| 003 |
SK-MaSNL |
| 005 |
20260302041451.0 |
| 008 |
251104s1972 xo a a 000 p cze |
| 015 |
|
|
|a SNBA1972/12-03243
|
| 035 |
|
|
|a SK01SNK19720041801
|
| 035 |
|
|
|a SKM000044264
|
| 040 |
|
|
|a SNK
|b slo
|c SNK
|e AACR2
|
| 041 |
1 |
|
|a cze
|
| 044 |
|
|
|a xo
|c SK
|
| 080 |
|
|
|a 885.0-1(087.5)
|2 1981
|
| 100 |
1 |
|
|a Thiele, Vladimír,
|d 1921-1997
|4 aut
|9 226094
|
| 245 |
1 |
0 |
|a Na tom našem dvoře
|c Vladimír Thiele ; ilustroval A. Pospíšil
|
| 250 |
|
|
|a 5. vyd.
|
| 260 |
|
|
|a Bratislava
|b Mladé letá
|c 1972
|e Harmanec
|f VKÚ
|
| 300 |
|
|
|a [16] s.
|c prieč. 8°
|
| 366 |
|
|
|e 10000 výtl.
|
| 490 |
1 |
|
|a Leporelá
|
| 655 |
|
7 |
|a česká poézia
|2 SNKPH
|9 70569
|
| 655 |
|
7 |
|a poézia pre deti
|2 SNKPH
|9 86748
|
| 655 |
|
7 |
|a leporelá
|2 SNKPH
|9 60414
|
| 700 |
1 |
|
|a Pospíšil, Antonín,
|d 1909-2008
|4 ill
|9 226091
|
| 830 |
|
0 |
|a Leporelá
|9 276890
|
| 852 |
|
|
|a Slovenská národná knižnica
|
| 958 |
|
|
|a TL
|
| 958 |
|
|
|a LX
|
| 958 |
|
|
|a DB
|
| 958 |
|
|
|a CZ
|
| 958 |
|
|
|a BQ
|
| 958 |
|
|
|a RK
|
| 999 |
|
|
|c 1078921
|d 1080851
|
| 952 |
|
|
|a SNK
|b SNK
|y PREZ
|7 0
|o nkSD 41717
|0 0
|1 0
|4 0
|d 2023-06-18
|l 0
|r 2026-02-24 16:18:39
|w 2026-02-24
|
| 952 |
|
|
|a SNK
|b SNK
|y VYP
|7 0
|o nkSD 41717 D1
|0 0
|1 0
|4 0
|d 2023-06-18
|l 0
|r 2026-02-24 16:18:40
|w 2026-02-24
|